Регионална библиотека "Любен Каравелов" - Русе

Аритметика (Запис номер 121093)

MARC детайли
000 -Лидер
Контролно поле с фиксирана дължина 01710nam a2200409 c 4500
003 - Код на организацията, давaща контролен номер
Контролно поле BLK
005 - Дата и час на последна редакция
Контролно поле 20180422110734.0
008 - Елементи от данни с фиксирана дължина
fixed length control field 180409b bul|||||r ||||||| ||bul||
010 ## - Наследен системен номер
LC control number KNG00126714000
040 ## - Източник на каталожния запис
Идентификатор на билиотеката - собственик на записа BLK
041 ## - Код за език
Код за езика на текст/звукозапис или на отделно заглавие Български
Код за езика КДБФ Български
080 ## - УДК
Текстов определител УДК Основи на математиката в основното образование
УДК код - определител по УДК 372.47
УДК определител (075.2)
УДК - код + определител 372.47(075.2)
100 1# - Редна дума - Автор
Автор Андреева, Траяна
Авторска отговорност първи автор
R(LIN) 316961
139 ## - Редно поле
Редна дума Андреева, Траяна и др.
Авторски знак Андр - А 66
245 10 - Сведения за заглавието
Заглавие Аритметика
Подзаглавни данни Учебник за II кл. на у-щата за глухонеми деца
Редно поле (дума) Траяна Андреева; съавт. Петър Филчев; съавт. Мария Вартоломеева.
250 ## - Област на изданието
Сведения за изданието 2. изд.
257 ## - Страна на издаване
Страна на създаване/издаване България
260 ## - Област на издателските данни
-- София
Име на издателя, разпространителя и проч. Нар. просв.
Година на издаване 1956
300 ## - Физическа характеристика
Страници 80 с.
Размери/Мащаб 25 см
380 ## - Жанр
Жанр Обществени науки
500 ## - Общи забележки
Забележка 1. изд. 1954.
650 #4 - Допълнително описание по предмет – тема
Основно описание – тема или топоним Глухи - възпитание и обучение
9 (RLIN) 253910
650 #4 - Допълнително описание по предмет – тема
Основно описание – тема или топоним Аритметика
9 (RLIN) 147359
650 #4 - Допълнително описание по предмет – тема
Основно описание – тема или топоним Математика - учебници за основни училища
9 (RLIN) 243462
653 ## - Ключова дума – ненормативна
Ключова дума аритметика
653 ## - Ключова дума – ненормативна
Ключова дума математика
653 ## - Ключова дума – ненормативна
Ключова дума глухонеми
653 ## - Ключова дума – ненормативна
Ключова дума деца с увреждания
653 ## - Ключова дума – ненормативна
Ключова дума учебници за основни училища
700 1# - Други автори (авторска отговорност)
Лично име Филчев, Петър
Автороска отговорност (Описва отношението между автора и произведението) съавт.
9 (RLIN) 376943
700 1# - Други автори (авторска отговорност)
Лично име Вартоломеева, Мария
Автороска отговорност (Описва отношението между автора и произведението) съавт.
9 (RLIN) 45611
852 ## - Местоположение
Форматна сигнатура Цб 135
856 4# - Електронен адрес и достъп
Електронен формат pdf - файл
Път до файла /url/
856 4# - Електронен адрес и достъп
Електронен формат pdf - файл
Път до файла /url/
942 ## - АРТИКУЛИ
Вид на библиотечния материал Книги
Скрит в OPAC Не
944 ## - СЪЗДАВАНЕ И РЕДАКЦИЯ на ЗАПИСА
Създаване/Редакция Създаване
Дата на регистрацията/редакция 25.01.2012
Статус, дата на статуса 25.01.2012 - от С1,Р / 25.01.2012
Служител, извършил регистрацията/редакцията Севдалина_Василева
944 ## - СЪЗДАВАНЕ И РЕДАКЦИЯ на ЗАПИСА
Създаване/Редакция Редакция
Дата на регистрацията/редакция 25.01.2012
Статус, дата на статуса 25.01.2012 - от С1,Р / 25.01.2012
Служител, извършил регистрацията/редакцията
999 ## - СИСТЕМНИ КОНТРОЛНИ НОМЕРА
Koha biblionumber 121093
Koha biblioitemnumber 121093
Наличности
Код за отписване Код за изгубен артикул Източник на класификационната схема Код за повреда Коз за рестрикции Код за отдаване Артикулен № Име на библиотеката - собственик Име на библиотеката, в която се намира в момента Статус (Текущо местоположение) Дата на вписване в системата Местоположение - отдел Цена в лева Инвентарен номер Систематично азбучна сигнатура Баркод Номер на екземпляра Цена в евро Служебна бележка Служебен тип на артикула
  Не е изгубен Universal Decimal Classification Не е повреден без рестрикции ползва се в читалня 195660 Регионална библиотека "Любен Каравелов" Русе Регионална библиотека "Любен Каравелов" Русе Хранилище 1956-01-01 Основен фонд - ползва се само за читалня 0.15 2431/956 Цб 135 900000049079 1 0.08 Дост: Dp Вид: Д N: стар фонд Дата: 01.01.1956 Книги
Vip Innovations Ltd, Rousse, Bulgaria 2025